01421nam a2200313   4500003000900000005001700009008004100026040004600067041000800113082002600121092000700147099003500154100004900189245014600238264006800384300003100452336002200483337002400505338003300529504006200562546011600624650007000740651001000810856005700820905001600877942001900893999001700912952017800929EG-GICUC20260121101451.0251211s1960    ua	||||fr|||| 001 0 ara d  a EG-GICUCbarac EG-GICUCd EG-GICUCerda0 aara04221a341.8bع ب . ق04221  aLaw1 12 341.8 ع ب . ق  19600 aعبدالحميد ابوهيفeمؤلف.12aالقانون الدولى الخاص في اوروبا وفي مصر :bالمجموعة الثانية /cعبدالحميد ابوهيف. 1aالقاهرة :b[اسم الناشر غير محدد],c1960.  a1227 صفحة ؛c24 سم.  2rda contentatext  2rda mediaaComputer  2rda carrieraOnline Resource  aيحتوي على اراجاعات ببليوجرافية  aالنص أغلبه باللغة العربية بعض النصوص الإنجليزية والفرنسية14aالقانون الدولى الخاصzاورباzمصر2qrmak1 2qrmak40uhttps://fll.law.cu.edu.eg/fulltext/bks/B12-00590.pdf  a75eHassnaa  2ddcn0cBKe21  c49778d49778  00102ddc40718القانون الدولي الخاصaCUbLAW1d2025-12-11l0oLaw1 12	341.8 ع ب . ق	1960 1200590	C1pB12-00590r2025-12-11 10:21:17t1w2025-12-11yBK